| 000 | 01678pam a2200205 a 4500 | ||
|---|---|---|---|
| 999 |
_c3862 _d3862 |
||
| 020 | _a1557868972 (pbk.) | ||
| 022 | _a9781557868978 | ||
| 050 | 0 | 0 |
_aHG181 _b.K65 |
| 100 | 1 | _aKolb, Robert W., | |
| 245 | 1 | 0 |
_aFinancial institutions and markets / _cRobert W. Kolb, Richardo J. RodrÃguez. |
| 250 | _a2nd ed. | ||
| 260 |
_aCambridge, Mass., USA : _bBlackwell Business, _c1996. |
||
| 300 |
_axv, 691 p. : _bill. ; _c24 cm. + _e1 computer disk (3 1/2 in.) |
||
| 500 | _aIncludes bibliographical references and index | ||
| 505 | _a Part 1 The financial system and the economy: the role of financial institutions and markets; the Federal Reserve in the US economy; the money supply and deposit expansion; the time value of money - single payments; the time value of money - series of payments. Part 2 The debt and equity market: the money market; the bond market; the level and structure of interest rates; the Stock Market; equity valuation; the primary market and investment banking; risk and return in securities markets. Part 3 Depository institutions: banks, thrift institutions and credit unions; regulation of depository institutions; operations and commercial banks; management of commercial banks; asset and liability management of commercial banks; international banking. Part 4 Non-depository financial institutions: financial conglomerates and subsidiaries; investment companies; insurance companies; pension funds. Part 5 Financial derivatives markets and risk management: the futures markets; the options market; the swaps market; financial engineering. | ||
| 650 | 0 | _aFinance | |
| 650 | 0 | _aFinancial institutions | |
| 700 | 1 | _aRodrÃguez, Ricardo J. | |
| 942 | _cBK | ||